| 000 | 00960nam a22003015a 4500 | ||
|---|---|---|---|
| 008 | 150817b1995 xxua|| frb||| 001 0 eng d | ||
| 010 | _a 94020223 | ||
| 020 | _a0673523780 (student ed.) | ||
| 020 | _a9780673523785 | ||
| 040 |
_aEG-ScBUE _beng _cEG-ScBUE |
||
| 082 | 0 | 4 |
_a332 _bMIS _222 |
| 100 | 1 | _aMishkin, Frederic S. | |
| 245 | 1 | 4 |
_aThe economics of money, banking, and financial markets / _cFrederic S. Mishkin. |
| 250 | _a4th ed. | ||
| 260 |
_aNew York : _bHarperCollins College Publishers, _cc1995. |
||
| 300 |
_a[various pagings] : _bcol. ill., col. maps ; _c24 cm. |
||
| 490 | 0 | _aThe HarperCollins series in economics | |
| 500 | _aIndex. | ||
| 500 | _aAppendix. | ||
| 504 | _aIncludes bibliographical references | ||
| 590 | _amENNA ELEMAM | ||
| 650 | 0 |
_aFinance. _2BUEsh |
|
| 650 | 0 |
_aMoney. _2BUEsh |
|
| 650 | 0 |
_aBanks and banking. _2BUEsh |
|
| 651 | _2BUEsh | ||
| 653 |
_bBUSECO _cAugust2015 |
||
| 942 |
_cBB _k332 MIIS _2ddc |
||
| 999 |
_c6819 _d3867 |
||